000
00301nam a2200133Ia 4500
008
191201s2018 xx 000 0 und d
020
_a
9781107439825
100
_a
BRASS,Peter
245
0
_a
Advanced Data Structures
260
_b
Combridge
_c
2018
300
_a
456
650
_a
MCA
942
_2
ddc
_c
BK
999
_c
6986
_d
6986